[Event "Ludwigshafen-ch 12th"]
[Site "Ludwigshafen"]
[Date "1998.??.??"]
[Round "7"]
[White "Lee, Thomas"]
[Black "Buch, Alexander"]
[Result "1/2-1/2"]
[WhiteElo "1100"]
[BlackElo "1261"]
[PlyCount "96"]
[EventDate "1998.??.??"]
[EventType "swiss"]
[EventRounds "7"]
[EventCountry "GER"]
[SourceTitle "EXT 2001"]
[Source "ChessBase"]
[SourceDate "2000.11.22"]
[SourceVersion "1"]
[SourceVersionDate "2000.11.22"]
[SourceQuality "1"]

1. e4 c5 2. c3 d6 3. d4 cxd4 4. cxd4 Bd7 5. Nf3 g6 6. Nc3 Bg7 7. Bc4 Nc6 8. Bf4 e5 9. dxe5 dxe5 10. Be3 Nge7 11. Qb3 0-0 12. Ng5 Qe8 13. Nb5 Na5 14. Nc7 Nxb3 15. Bxb3 Qd8 16. Nxa8 Qxa8 17. Bc5 Qd8 18. Rd1 Qa5+ 19. Rd2 Bh6 20. Bxe7 Bxg5 21. Bxg5 Bc6 22. Bd5 Bxd5 23. exd5 f6 24. 0-0 fxg5 25. Rfd1 Rd8 26. d6 Qc5 27. Rd5 Qc2 28. d7 Kf7 29. R1d2 Qc7 30. g3 Ke6 31. g4 Rxd7 32. Rxd7 Qxd7 33. Rxd7 Kxd7 34. f3 Kd6 35. Kf2 Kd5 36. Ke3 a5 37. Kd3 b5 38. b3 b4 39. Ke3 h6 40. Kd3 h5 41. h3 h4 42. Ke3 Ke6 43. Ke4 Kd6 44. Kd3 Kd5 45. Ke3 Kc5 46. Kd3 Kd5 47. Ke3 Kc5 48. Kd3 Kd5 1/2-1/2